000 00374nam a2200145Ia 4500
008 231129s2013||||xx |||||||||||||| ||spa||
020 _a84-8432-661-6
040 _bspa
082 _a940.28 H684e
100 _aHobsbawm Eric
245 0 _aLa era del imperio 1875-1914
260 _c2013
264 _aCrí­tica
942 _2ddc
_cBKS
999 _c16994
_d16994